Представление документа в формате MARC21

ПолеНазваниеЗначение
  Тип записи a
  Библиографический уровень m
001 Контрольный номер RU\infra-m\znanium\bibl\1093106
005 Дата корректировки 20260429142237.4
008 Кодируемые данные 230524s2022 RU g rus u
020 Индекс ISBN __
a ISBN 978-5-16-016284-3
020 Индекс ISBN __
a ISBN 978-5-16-108594-3 (электр. издание)
040 Источник каталогиз. __
a Служба первич. каталог. Общество с ограниченной ответственностью «ЗНАНИУМ»
041 Код языка издания __
a Код языка текста rus
044 Код страны публикации __
a Код страны публикации RU
080 Индекс УДК __
a Индекс УДК 697.9(075.8)
084 Индекс другой классификации/Индекс ББК __
2 Источник индекса rubbk
a Индекс другой классификации/Индекс ББК 38.762я73
084 Индекс другой классификации/Индекс ББК __
2 Источник индекса okso
a Индекс другой классификации/Индекс ББК 05.03.06
084 Индекс другой классификации/Индекс ББК __
2 Источник индекса okso
a Индекс другой классификации/Индекс ББК 20.03.01
084 Индекс другой классификации/Индекс ББК __
2 Источник индекса okso
a Индекс другой классификации/Индекс ББК 23.03.02
084 Индекс другой классификации/Индекс ББК __
2 Источник индекса okso
a Индекс другой классификации/Индекс ББК 23.03.03
100 Автор __
a Автор Михайлов В. А.
q Полное имя Михайлов Вячеслав Алексеевич
u Дополнение Московский политехнический университет
245 Заглавие __
a Заглавие Экологичные системы защиты воздушной среды объектов автотранспортного комплекса
b Продолж. заглавия Учебное пособие
c Ответственность Московский политехнический университет
250 Сведения об издании __
g перераб. и доп.
a Основные сведения об издании 2
260 Выходные данные __
a Место издания Москва
b Издательство ООО "Научно-издательский центр ИНФРА-М"
c Дата издания 2022
300 Физическое описание __
a Объем 214 с.
440 Серия __
a Серия Высшее образование: Бакалавриат
520 Аннотация __
a Аннотация В учебном пособии рассмотрен вопрос оценки тепловлажностного состояния воздуха в процессах его обработки в различных системах приведены требования к средствам защиты воздушной среды с учетом обеспечения их экологичности показаны способы энергосбережения в системах охлаждения отопления и круглогодичного кондиционирования воздуха а также при защите атмосферы от вредных выбросов. Показан путь энергосбережения при индивидуальной тепловой защите оператора с помощью локального охлаждения при обработке воздуха в орошаемой интенсифицированной насадке и разработаны рекомендации по снижению ее материалоемкости. Продемонстрированы способ и средство снижения токсичности выбросов ДВС трактора при его работе в помещениях ограниченного объема путем водоиспарительного увлажнения топливовоздушной смеси. Показаны пути снижения шума систем защиты воздушной среды. Соответствует требованиям федеральных государственных образовательных стандартов высшего образования последнего поколения. Предназначено для студентов обучающихся по специальностям «Наземные транспортно-технические средства» «Эксплуатация транспортно-технологических машин и комплексов» «Энергетическое машиностроение» «Наземные транспортно-технологические комплексы» «Холодильная криогенная техника и системы жизнеобеспечения» «Техносферная безопасность» «Экология и природопользование».
521 Примеч. о цел. назн. __
a Примеч. о целев. назн. ВО - Бакалавриат
650 Тематические рубрики __
a Основная рубрика Науки о Земле. Экология
x Основная подрубрика Отраслевая и прикладная экология
655 Указ. предметных рубрик (устаревшее) __
a Жанр/ форма (устаревшее) Учебное пособие
700 Другие авторы __
a Другие авторы Сотникова Е. В.
q Полное имя Сотникова Елена Васильевна
u Дополнение Московский политехнический университет
700 Другие авторы __
a Другие авторы Калпина Н.Ю.
q Полное имя Калпина Нина Юльевна
u Дополнение Московский политехнический университет
856 Электронный адрес документа 4_
a Имя сервера/домена znanium.com
m Помощь ebs_support@infra-m.ru
n Местонахождение сервера НИЦ ИНФРА-М
u URL https://znanium.com/catalog/document?id=395122
856 Электронный адрес документа 48
a Имя сервера/домена znanium.com
d Путь /cover/1093
f Электронное имя 1093106.jpg
q Тип электронного формата image/jpeg
u URL https://znanium.com/cover/1093/1093106.jpg
911 __
u 0030=https://znanium.com/catalog/document?id=395122